| 000 | 01028nam a22002535i 4500 | ||
|---|---|---|---|
| 001 | 162130 | ||
| 003 | ES-MaACL | ||
| 005 | 20230906212433.0 | ||
| 008 | 041104s1875 sp |||| | spa d | ||
| 040 |
_aCAM _bspa _cCAM |
||
| 080 | _a821.133.1-31"17" | ||
| 100 | 1 |
_aPigault-Lebrun ( _d1753-1835) _9131157 |
|
| 245 | 1 | 0 |
_aM. de Kinglin ó El pacto con el demonio / _cPigault-Lebrun. |
| 260 |
_aMadrid : _bLibrería de Anllo y Rodríguez, _c1875 ( _fImprenta, estereotipia y Galvanoplastia de Aribau y Cª) |
||
| 300 |
_a211 p. ; _c18 cm. |
||
| 490 | 1 | _aBiblioteca de ambos mundos | |
| 505 | 8 | _aLas costumbres : p. 89-114 ; Una palabra sobre París : p.115-134 ; Metusko ó La independencia de Polonia : p. 135-211 | |
| 597 | _aPort. adicional para la serie. | ||
| 740 | _aEl pacto con el demonio. | ||
| 740 | 3 | _aLa independencia de Polonia. | |
| 830 | 0 |
_aBiblioteca de ambos mundos _9222174 |
|
| 852 |
_aES-MaACL _jF-9085 _z-- Enc. hol. _z-- Enc. al final VIII pp. con propaganda editorial |
||
| 999 |
_c162130 _d162130 |
||